000 00458nam a2200181Ia 4500
001 17684
005 20260306171535.0
008 260306s9999||||xx |||||||||||||| ||und||
041 _aESP
082 _a658.15
_bD97
100 _aDumrauf, Guillermo L.
_eAUT
245 0 _aFinanzas corporativas:
_bun enfoque latinoamericano
260 _c2010
300 _axxviii, 737 páginas :
_c23 cm.
650 _aGEN
654 _aCAN
942 _cLIB
_dJUS
_fJUS
_2ddc
_n
999 _c17684
_d17684